(Spanish) Irregular tú commands - Statistics

General Stats
  • This quiz has been taken 25 times
  • The average score is 8 of 8
Answer Stats
Hint Answer % Correct
Decir Di
100%
Ir Ve
100%
Poner Pon
96%
Salir Sal
96%
Ser
96%
Tener Ten
96%
Venir Ven
96%
Hacer Haz
87%
No matching quizzes found
Score Distribution
Percent of People with Each Score
Percentile by Number Answered
Your Score History
You have not taken this quiz